| 000 | 00986nam a22003257a 4500 | ||
|---|---|---|---|
| 001 | BR2013007812 | ||
| 003 | BR-BrBNA | ||
| 005 | 20230928104255.0 | ||
| 007 | ta | ||
| 008 | 230509b bl.||||| |||| 00| 0 por d | ||
| 040 |
_aBR-BrBNA _bpor _cBiblioteca Nacional de Agricultura |
||
| 041 | _a(Por) | ||
| 072 |
_aL02 _b5100 _b8951 |
||
| 090 | _ 5100 BR2013007812 | ||
| 100 | 1 | _aCosta, M.L.L. da | |
| 110 | 1 |
_aUniversidade Federal de Minas Gerais, Belo Horizonte, MG (Brasil). Escola de Veterinária _0Tese (Mestre em Zootecnia) _910868 |
|
| 245 | 1 | _aUtilização de Haylage de Tifton-85 (Cynodon spp.)na dieta de equinos | |
| 260 | 3 |
_aBelo Horizonte, MG (Brasil): _c2012. |
|
| 300 | _a49 p. | ||
| 500 | _a12 ref.; Summaries (Eng, Por); 6 tables | ||
| 650 | _aEQUINO | ||
| 650 | _aNUTRIÇÃO ANIMAL | ||
| 650 | _aDIGESTIBILIDADE | ||
| 650 | _aFENO | ||
| 650 | _aFORRAGEM | ||
| 650 | _aDIETA | ||
| 650 | _aRAÇÃO | ||
| 909 |
_a202309 _bLucia _c55 _dLucia Elande |
||
| 942 | _cBK | ||
| 999 |
_c79028 _d79028 |
||